| 000 | 00892nam a22002057a 4500 | ||
|---|---|---|---|
| 999 |
_c11142 _d11142 |
||
| 003 | AR-CdUCM | ||
| 008 | 190403b ||||| |||| 00| 0 spa d | ||
| 040 |
_aMUNICIPALIDAD PROVINCIAL DEL CUSCO _cBIBLIOTECA MUNICIPAL DEL CUSCO |
||
| 082 |
_a375.66 / _bG69 /1943 |
||
| 100 |
_aGonzález Marín, Carlos Alberto, _95631 |
||
| 245 | _aFinalidades del patronato escolar en el Perú / | ||
| 260 |
_aLima : _b Ministerio de Educación Pública, Dirección de Educación Artística y Extensión Cultural, _c1943. |
||
| 300 |
_a25 paginas ; _bIlustraciones, _c24 cm. |
||
| 505 | _aContenido : Plan de acción -- El hogar y la escuela -- Organización del patronato -- De la administración -- Como progresa el patronato escolar... | ||
| 650 |
_aAutonomía _928336 |
||
| 650 |
_aOrganización del patronato _928337 |
||
| 650 |
_aFines del patronato _928338 |
||
| 942 |
_2ddc _cLIBROS |
||
| 945 | _awnts | ||